Najpowszechniejsze pierwiastki w skorupie ziemskiej - Statystyki

Ogólne statystyki
  • Ten quiz został rozwiązany 137 razy
  • Średni wynik to 5 z 8
Statystyki odpowiedzi
Ilość (procent) Pierwiastek % Poprawnych
46% Tlen
96%
5% Żelazo
85%
3% Potas
68%
4% Wapń
66%
28% Krzem
62%
2% Magnez
56%
3% Sód
56%
8% Glin
54%
Nie znaleziono quizów pasujących do podanych kryteriów
Rozkład punktacji
Procent ludzi z każdym wynikiem
Percentyl według liczby udzielonych odpowiedzi
Twoja historia wyników
Nie rozwiązałeś tego quizu